Becoming and being a teacher : the influence of the national context (Record no. 63216)

MARC details
000 -CABECERA
campo de control de longitud fija 00716nam a2200241 a 4500
005 - FECHA Y HORA DE LA ÚLTIMA TRANSACCIÓN
campo de control 20210219152907.0
008 - ELEMENTOS DE LONGITUD FIJA--INFORMACIÓN GENERAL
campo de control de longitud fija 991125n 000 0 eng u
035 ## - NÚMERO DE CONTROL DEL SISTEMA
Número de control de sistema UPN01000065959
100 ## - ASIENTO PRINCIPAL--NOMBRE PERSONAL
Nombre de persona Osborn, Marilyn
222 ## - TÍTULO CLAVE
Título clave EUROPEAN JOURNAL OF EDUCATION :
Información calificativa RESEARCH, DEVELOPMENT AND POLICIES
245 ## - MENCIÓN DE TÍTULO
Título Becoming and being a teacher : the influence of the national context
300 ## - DESCRIPCIÓN FÍSICA
Extensión 105-116
362 ## - FECHAS DE PUBLICACIÓN Y/O DESIGNACIÓN SECUENCIAL
Fecha de publicación y/o designación secuencial 1993 28, No. 1
505 ## - NOTA DE CONTENIDO CON FORMATO PREESTABLECIDO
Nota de contenido con formato Noviembre 1993
653 0# - TERMINO DE INDIZACION - NO CONTROLADO
Término no controlado EDUCACION COMPARADA
653 0# - TERMINO DE INDIZACION - NO CONTROLADO
Término no controlado PROFESION DOCENTE
653 0# - TERMINO DE INDIZACION - NO CONTROLADO
Término no controlado FORMACION DE MAESTROS
653 0# - TERMINO DE INDIZACION - NO CONTROLADO
Término no controlado POLITICA EDUCATIVA
653 0# - TERMINO DE INDIZACION - NO CONTROLADO
Término no controlado PUBLIC POLICY
700 ## - ASIENTO SECUNDARIO--NOMBRE DE PERSONAL
Nombre de persona Broadfoot, Patricia
904 ## - ELEMENTOS DE DATOS D LOCAL, LDD (RLIN)
a AC
b 003770
905 ## - TIPO DE MATERIAL
Tipo de material Articulo

No items available.